Normal view
MARC view
- TELEVISION REPAIRING AMATURES MANUAL
Entry Topical Term
001 - CONTROL NUMBER
- control field: 76002
003 - CONTROL NUMBER IDENTIFIER
- control field: NUST
005 - DATE AND TIME OF LATEST TRANSACTION
- control field: 20210628205539.0
008 - FIXED-LENGTH DATA ELEMENTS
- fixed length control field: 210628|| aca||aabn | a|a d
040 ## - CATALOGING SOURCE
- Original cataloging agency: NUST
- Transcribing agency: NUST
150 ## - HEADING--TOPICAL TERM
- Topical term or geographic name entry element: TELEVISION REPAIRING AMATURES MANUAL
670 ## - SOURCE DATA FOUND
- Source citation: Work cat.: (NUST): ZWICK, GEORGE 76001, BEGINNER'S GUIDE TO TV REPAIR, 1979
